000 00384nam a2200157Ia 4500
001 22430
003 IN-NITTTR
005 20251114233253.0
008 251113s9999||||xx |||||||||||||| ||eng||
040 _beng
040 _cIN-NITTTR
041 _aeng
082 _a621.38152 M72
245 0 _aModern power electronics :
_b evolution,technology and applications. /
942 _2ddc
_cBK
999 _c25059
_d25059